LEADER 00991nam a2200229 i 4500 001 000000155802 003 CaOOAMICUS 005 20061121000000.0 008 061121s1980 it u000 u ita u 013 $a133156 040 $aSeMil$bita 245 10$aGuida ai Musei della Lombardia /$cRegione Lombardia Assessorato Enti Locali e Cultura ; a cura di Lanfranco Binni. 260 $aMilano :$bElecta,$ccopyr. 1980. 300 $a127 p. :$bill. ;$c21 cm. 500 $aContiene : Appendice. 650 4$aLombardia - Musei.$0(OLS)http://semarc/subject/30487 700 1 $aBinni, Lanfranco,$d<1945- >.$0(OLS)http://semarc/name/1399 700 1 $aLombardia : Assessorato Enti Locali e Cultura.$0(OLS)http://semarc/name/60920 850 $aSeMil 852 $aSeMil$W1$xVenegono$y1$m5J VI 180$j107630$B107630$CSeMilBibl$Z2$F117161 $81 996 $6245$aGuida ai Musei della Lombardia$9(OLS)http://semarc/title/228258 996 $6260$aMilano :$bElecta$9(OLS)http://semarc/publisher/29711 LEADER 01057nam a2200241 i 4500 001 000000207693 003 CaOOAMICUS 005 20111104000000.0 008 111104s1956 it u000 u ita u 013 $a186476 040 $aSeMil$bita 100 1 $aPoliakov, Léon,$d<1910-1997>.$0(OLS)http://semarc/name/5853 240 10$aJews under the italian occupation.$0(OLS)http://semarc/title/300330 245 14$aGli ebrei sotto l'occupazione italiana /$cLéon Poliakov, Jacques Sabille. 260 $aMilano :$bEdizioni di Comunità,$ccopyr. 1956. 300 $aXVII, 187 p. ;$c23 cm. 500 $aContiene : Appendice. 650 4$aEbrei - Persecuzioni - Italia - 1942-1943.$0(OLS)http://semarc/subject/38985 700 1 $aSabille, Jacques.$0(OLS)http://semarc/name/74555 850 $aSeMil 852 $aSeMil$W1$xVenegono$y1$m3U IV 98$j158152$B158152$CSeMilBibl$Z2$F169377 $81 996 $6245$aGli ebrei sotto l'occupazione italiana$9(OLS)http://semarc/title/300329 996 $6260$aMilano :$bEdizioni di Comunità$9(OLS)http://semarc/publisher/31458